000 00588nam a2200181Ia 4500
008 090124s9999 xx 000 0 und d
082 _b18755
100 _aसहस्त्रबुध्दे नलिनी
245 _a फुलंगी
250 _a1
260 _bकुलकर्णी ग्रंथागार
_c1971
300 _a274
600 _aसहस्त्रबुध्दे नलिनी
630 _a फुलंगी
700 _aसहस्त्रबुध्दे नलिनी
730 _a फुलंगी
942 _cBOOK
999 _c89725
_d89725